| 000 | 00670nam a22001937a 4500 | ||
|---|---|---|---|
| 003 | OSt | ||
| 005 | 20260130084444.0 | ||
| 008 | 260130b |||||||| |||| 00| 0 eng d | ||
| 020 | _a013-123439-0. | ||
| 040 |
_aDWCL-Main lib _cOC |
||
| 082 | _aCirc. 658.8 P954 2005 | ||
| 100 | _aKotler, Philip Et. Al. | ||
| 245 |
_aPrinciples of marketing : _ban Asian perspective _cPhilip Kotler Et. Al. |
||
| 260 |
_aSinagpore : _bPrentice-Hall/Pearson Education South Asia Pte Ltd., _cc2005. |
||
| 300 |
_axv, various paging : _bcolored illustration ; _c27 cm. |
||
| 504 | _aIncludes bibliographical references and index. | ||
| 650 | _a1. Marketing. | ||
| 942 |
_2ddc _cBK-CIRC _kCirc. _n0 |
||
| 999 |
_c8050 _d8050 |
||